|
|
|
|
| LEADER |
01026nam a2200253 a 4500 |
| 001 |
010358884 |
| 008 |
101004s2003 sp ab 000 0 eng d |
| 020 |
|
|
|a 8489861943 (English ed.)
|
| 020 |
|
|
|a 8495275902 (Spanish ed.)
|
| 040 |
|
|
|a StDuBDS
|b eng
|c StDuBDS
|d Uk
|
| 082 |
0 |
4 |
|a 728.314
|2 22
|
| 100 |
1 |
|
|a Mostaedi, Arian.
|
| 245 |
1 |
0 |
|a Apartment architecture now :
|b residential developments /
|c Arian Mostaedi.
|
| 260 |
|
|
|a Barcelona :
|b Carles Broto & Josep Ma Minguet ;
|a Garsington :
|b Windsor,
|c c2003.
|
| 300 |
|
|
|a 239 p. :
|b ill. (chiefly col.), maps ;
|c 34 cm.
|
| 490 |
0 |
|
|a Architectural design (Barcelona, Spain)
|
| 500 |
|
|
|a In slip case.
|
| 500 |
|
|
|a Formerly CIP.
|5 Uk
|
| 541 |
1 |
|
|e 00013768
|
| 650 |
0 |
|
|a Apartment houses.
|
| 830 |
0 |
|
|a Architectural design (Barcelona, Spain)
|
| 852 |
4 |
|
|a Ayesha Abed Library
|j General shelf
|
| 999 |
|
|
|c 9651
|d 9651
|
| 952 |
|
|
|0 0
|1 0
|2 ddc
|4 0
|6 728_314000000000000_MOS_2003
|7 0
|9 12258
|a BRACUL
|b BRACUL
|c GEN
|d 2010-10-05
|l 3
|m 17
|o 728.314 MOS
|p 3010013768
|r 2018-03-20
|s 2018-02-22
|t 1
|w 2010-10-05
|y BK
|